Gängige Jet Punk Länderkürzel - Statistiken

Allgemein
  • Dieses Quiz wurde 85 mal gespielt
  • Das Durchschnittsergebnis liegt bei 5 aus 6
Antwortstatistiken
Hint Antwort % Korrekt
VAE Vereinigte Arabische Emirate
97%
DomRep Dominikanische Republik
96%
USA Vereinigte Staaten
96%
VK Vereinigtes Königreich
91%
ZAR Zentral Afrikanische Republik
78%
PNG Papua Neu Guinea
65%
Keine übereinstimmenden Quizze gefunden
Verteilung der Resultate
Anzahl Personen mit jedem Resultat
Perzentil nach korrekt beantworteten Fragen
Ihre Resultats-Entwicklung
Sie haben dieses Quiz noch nicht gespielt